| 000 | 00840cab a2200253 4500 | ||
|---|---|---|---|
| 001 | ABS57628 | ||
| 008 | 090401t1997 xxu||||| |||| 00| 0 eng d | ||
| 035 | _a(Sirsi) u80817 | ||
| 041 | _aeng | ||
| 100 | _aWilkinson, H. W. | ||
| 245 | _aOpen all hours - or pay up | ||
| 260 | _c1997 | ||
| 350 | _a0 | ||
| 490 |
_aNew Law Journal _v147(6806) 5 September 1997, 1281-1282(2) |
||
| 520 | _aDiscusses the HL decision in "Co-operative Insurance Society Ltd v Argyll Stores (Holdings) Ltd" (ABS57165) which examined the nature of keep open clauses. | ||
| 650 | _aCO-OPERATIVE INSURANCE SOCIETY LTD V ARGYLL STORES (HOLDINGS) LTD | ||
| 650 | _aKEEP OPEN CLAUSES | ||
| 650 | _aLEASES | ||
| 650 | _aSHOPPING CENTRE | ||
| 650 | _aSUPERMARKET | ||
| 690 | _aLANDLORD AND TENANT-BUSINESS TENANCIES | ||
| 942 | _n0 | ||
| 948 | _c12/09/1997 | ||
| 999 |
_c50897 _d50897 |
||